<?xml version="1.0" encoding="UTF-8"?>
<record
    xmlns:xsi="http://www.w3.org/2001/XMLSchema-instance"
    xsi:schemaLocation="http://www.loc.gov/MARC21/slim http://www.loc.gov/standards/marcxml/schema/MARC21slim.xsd"
    xmlns="http://www.loc.gov/MARC21/slim">

  <leader>02564nam a2200349 i 4500</leader>
  <controlfield tag="003">DO-SdBNP</controlfield>
  <controlfield tag="005">20250603135714.0</controlfield>
  <controlfield tag="007">ta</controlfield>
  <controlfield tag="008">250603s2025    dr a          000 0 spa d</controlfield>
  <datafield tag="020" ind1=" " ind2=" ">
    <subfield code="a">9789945291599</subfield>
  </datafield>
  <datafield tag="040" ind1=" " ind2=" ">
    <subfield code="a">DO-SdBNP</subfield>
    <subfield code="b">spa</subfield>
    <subfield code="c">BNPHU</subfield>
    <subfield code="e">rda</subfield>
  </datafield>
  <datafield tag="082" ind1=" " ind2="4">
    <subfield code="a">xxxx</subfield>
    <subfield code="b">D542c</subfield>
    <subfield code="2">22</subfield>
  </datafield>
  <datafield tag="100" ind1="1" ind2=" ">
    <subfield code="a">D&#xED;az, Rafael,</subfield>
    <subfield code="d">1960-</subfield>
    <subfield code="9">24865</subfield>
    <subfield code="e">autor</subfield>
    <subfield code="4">aut.</subfield>
  </datafield>
  <datafield tag="245" ind1="1" ind2="0">
    <subfield code="a">Compendio terminol&#xF3;gico biling&#xFC;e para medicina :</subfield>
    <subfield code="b">master book No. 3  /</subfield>
    <subfield code="c">Rafael D&#xED;az</subfield>
  </datafield>
  <datafield tag="246" ind1="1" ind2="0">
    <subfield code="a">Expresiones y vocabulario para todas las ramas de la medicina :</subfield>
    <subfield code="b">para facilitar el desempe&#xF1;o comunicativo de los m&#xE9;dicos /</subfield>
  </datafield>
  <datafield tag="250" ind1=" " ind2=" ">
    <subfield code="a">Tercera edici&#xF3;n</subfield>
  </datafield>
  <datafield tag="264" ind1=" " ind2="4">
    <subfield code="a">[Hig&#xFC;ey, Rep&#xFA;blica Dominicana] :</subfield>
    <subfield code="b">[C.E.F.O.],</subfield>
    <subfield code="c">&#xA9;[2025].</subfield>
  </datafield>
  <datafield tag="300" ind1=" " ind2=" ">
    <subfield code="a">535 p&#xE1;ginas :</subfield>
    <subfield code="b">ilustraciones ;</subfield>
    <subfield code="c">28 cm.</subfield>
  </datafield>
  <datafield tag="336" ind1=" " ind2=" ">
    <subfield code="a">texto</subfield>
    <subfield code="b">txt</subfield>
    <subfield code="2">rdacontent</subfield>
  </datafield>
  <datafield tag="337" ind1=" " ind2=" ">
    <subfield code="a">sin mediaci&#xF3;n</subfield>
    <subfield code="b">n</subfield>
    <subfield code="2">rdamedia</subfield>
  </datafield>
  <datafield tag="338" ind1=" " ind2=" ">
    <subfield code="a">volumen</subfield>
    <subfield code="b">nc</subfield>
    <subfield code="2">rdacarrier</subfield>
  </datafield>
  <datafield tag="500" ind1=" " ind2=" ">
    <subfield code="a">Incluye datos biograf&#xED;cos del autor en la p&#xE1;gina 1.</subfield>
  </datafield>
  <datafield tag="500" ind1=" " ind2=" ">
    <subfield code="a">Libro de pasta dura. </subfield>
  </datafield>
  <datafield tag="500" ind1=" " ind2=" ">
    <subfield code="a">Los datos de isbn y rese&#xF1;a, fueron tomados de la p&#xE1;gina del ISBN de Rep&#xFA;blica Dominicana. </subfield>
  </datafield>
  <datafield tag="500" ind1=" " ind2=" ">
    <subfield code="a">Los datos de la editora, fueron encontrados en la p&#xE1;gina de instagram (Centro De Formation CEFO
Centro de Estudio- Formaci&#xF3;n y Orientaci&#xF3;n. C.E.F.O HIGUEY TEL:809-554-3457 @:lic.rafaeldiaz@hotmail.com)</subfield>
  </datafield>
  <datafield tag="505" ind1=" " ind2=" ">
    <subfield code="g">English-Espa&#xF1;ol</subfield>
  </datafield>
  <datafield tag="520" ind1=" " ind2=" ">
    <subfield code="a">El aprendizaje de la terminolog&#xED;a m&#xE9;dica ofrece innumerables ventajas, entre las cuales se encuentran, las que se refieren al terreno de las especialidades m&#xE9;dicas &#x2022; Con referencia particularmente a la terminolog&#xED;a m&#xE9;dica en ingl&#xE9;s y espa&#xF1;ol, hay que resaltar, los beneficios que del conocimiento que de ella se desprenden; los grandes avances que se est&#xE1;n dando dentro del campo de la medicina a escala mundial ha motivado a los m&#xE9;dicos a aprender el idioma ingl&#xE9;s como herramienta para un mejor desempe&#xF1;o en sus labores cotidianas e investigaciones cient&#xED;ficas, cualquier m&#xE9;dico que domina bien esta lengua est&#xE1; en una posici&#xF3;n ventajosa para realizar brillantemente cualquier puesto de trabajo. Esto significa mejores condiciones, tales como un mayor beneficio econ&#xF3;mico y mejores facilidades de triunfo dentro de su carrera. Actualmente, en vista de las exigencias de la vida en el campo m&#xE9;dico, se ha hecho imprescindible el uso de la terminolog&#xED;a m&#xE9;dica en ingles -espa&#xF1;ol en las diferentes ramas de la medicina.</subfield>
  </datafield>
  <datafield tag="590" ind1=" " ind2=" ">
    <subfield code="a">Inventariado, 2025/ YL</subfield>
  </datafield>
  <datafield tag="710" ind1=" " ind2=" ">
    <subfield code="a">Centro de Estudio Formaci&#xF3;n y Orientaci&#xF3;n (C.E.F.O)</subfield>
    <subfield code="9">87967</subfield>
  </datafield>
  <datafield tag="910" ind1=" " ind2=" ">
    <subfield code="a">YLockward</subfield>
  </datafield>
  <datafield tag="942" ind1=" " ind2=" ">
    <subfield code="2">ddc</subfield>
    <subfield code="c">LBS1</subfield>
  </datafield>
  <datafield tag="952" ind1=" " ind2=" ">
    <subfield code="0">0</subfield>
    <subfield code="1">0</subfield>
    <subfield code="2">ddc</subfield>
    <subfield code="5">1</subfield>
    <subfield code="7">0</subfield>
    <subfield code="8">PD</subfield>
    <subfield code="a">BNPHU</subfield>
    <subfield code="b">BNPHU</subfield>
    <subfield code="c">CT</subfield>
    <subfield code="d">2024-12-05</subfield>
    <subfield code="e">Dep&#xF3;sito Legal</subfield>
    <subfield code="l">0</subfield>
    <subfield code="o">BNPHU PD xxxx D542c</subfield>
    <subfield code="p">2025-4797</subfield>
    <subfield code="r">2025-06-03</subfield>
    <subfield code="w">2025-06-03</subfield>
    <subfield code="y">LBS1</subfield>
  </datafield>
  <datafield tag="952" ind1=" " ind2=" ">
    <subfield code="0">0</subfield>
    <subfield code="1">0</subfield>
    <subfield code="2">ddc</subfield>
    <subfield code="5">1</subfield>
    <subfield code="7">0</subfield>
    <subfield code="8">PD</subfield>
    <subfield code="a">BNPHU</subfield>
    <subfield code="b">BNPHU</subfield>
    <subfield code="c">CT</subfield>
    <subfield code="d">2024-12-05</subfield>
    <subfield code="e">Dep&#xF3;sito Legal</subfield>
    <subfield code="l">0</subfield>
    <subfield code="o">BNPHU PD xxxx D542c</subfield>
    <subfield code="p">2025-4798</subfield>
    <subfield code="r">2025-06-03</subfield>
    <subfield code="t">e. 2</subfield>
    <subfield code="w">2025-06-03</subfield>
    <subfield code="y">LBS1</subfield>
  </datafield>
  <datafield tag="952" ind1=" " ind2=" ">
    <subfield code="0">0</subfield>
    <subfield code="1">0</subfield>
    <subfield code="2">ddc</subfield>
    <subfield code="5">6</subfield>
    <subfield code="7">0</subfield>
    <subfield code="8">DS</subfield>
    <subfield code="a">BNPHU</subfield>
    <subfield code="b">BNPHU</subfield>
    <subfield code="c">CT</subfield>
    <subfield code="d">2024-12-05</subfield>
    <subfield code="e">Dep&#xF3;sito Legal</subfield>
    <subfield code="l">0</subfield>
    <subfield code="o">BNPHU DS xxxx D542c</subfield>
    <subfield code="p">2025-4799</subfield>
    <subfield code="r">2025-06-03</subfield>
    <subfield code="t">e. 3</subfield>
    <subfield code="w">2025-06-03</subfield>
    <subfield code="y">LBS1</subfield>
  </datafield>
  <datafield tag="999" ind1=" " ind2=" ">
    <subfield code="c">59133</subfield>
    <subfield code="d">59133</subfield>
  </datafield>
</record>
